| 000 | 00529pab a2200193 454500 | ||
|---|---|---|---|
| 008 | 180718b2007 xxu||||| |||| 00| 0 eng d | ||
| 100 | _aGrossback, Lawrence J. | ||
| 245 | _aElectoral mandates in American politics | ||
| 260 | _c2007 | ||
| 300 | _ap.711-30. | ||
| 362 | _aOct | ||
| 650 | _aUnited States - Politics and government | ||
| 650 | _aPolitics and government | ||
| 700 | _aStimson, James A. | ||
| 700 | _aPeterson, David A.M. | ||
| 773 | _aBritish Journal of Political Science | ||
| 908 | _aN | ||
| 909 | _a76558 | ||
| 999 |
_c76558 _d76558 |
||